00992 2200301 4500001002100000005001500021035002000036007000300056008004100059040002200100082001800122084002000140090002200160245012300182300005600305850001200361110003400373264006000407336002100467337003000488338002300518022001400541999002200555041001300577651002700590546005100617990002200668INLIS00000000088178420230914093446 a0010-0923000376ta180625s2020 yoia g s ind d aYOPDYOGbinderda04223a315.98272 a315.98272 BAN k aCB-D.11 2020-394110aKecamatan Srandakan dalam angka 2020 = Srandakan subdistrict in figures 2020 /cBadan Pusat Statistik Kabupaten Bantul axvi, 104 halaman :bilustrasi, tabel, peta ;c21 cm aYOPDYOG2 aBantul. Badan Pusat Statistik31aBantul :bBadan Pusat Statistik Kabupaten Bantul,c2020 2rdacontentateks 2rdamediaatanpa perantara 2rdacarrieravolume a0852-0280 aCB-D.11/2020-3941 aindgeng 4aSrandakan--xStatistik aTeks dalam Bahasa Indonesia dan Bahasa Inggris aCB-D.11/2020-3941